000 00659nam a22002057a 4500
999 _c8857
_d8857
003 AR-CdUCM
008 190326b ||||| |||| 00| 0 spa d
020 _a978-84-683-1644-4
040 _aMUNICIPALIDAD PROVINCIAL DEL CUSCO
_cBIBLIOTECA MUNICIPAL DEL CUSCO
082 _aPI-0005 /
_bDES / jue
100 _aDescmoulins, Virginie
_924659
245 _aMi juego de té en papel :
_b30 piezas para montar /
260 _aBarcelona :
_bEdebé,
_c2015.
300 _brecortables,
_c23 cm.
500 _aNo cuenta con numeración impresa.
650 _aMaterial didactico
_910701
650 _aPrimera infancia
_924660
942 _2ddc
_cLIBROS
945 _araen